000 01393cad a22003135a 4500
001 L159562
008 100415u20160410xxk g 000 0 eng d
035 _a(Sirsi) u159562
041 0 _aeng
050 _a346.4104343 $2 18
050 0 4 _a333.337 $2 18
110 _aRoyal Institution of Chartered Surveyors
_94900
245 0 0 _aUK corporate occupier survey
_h[electronic resource]
260 _aLondon
_bRICS
_c2016
490 0 _aRICS Insight
490 0 _aRICS Research
520 _aSurveys 150 real estate decision makers at large companies in order to measure the relative impact of real estate on recruitment and retention of staff, generate a picture of planned changes in property occupancy in the UK regions, understand business priorities when making property decisions, and provide an indication of businesses outsourcing plans. The first RICS UK Corporate Occupier Survey report has been produced in association with EY and Savills.
590 _aKA NTK
650 2 4 _aPROPERTY OCCUPIERS
650 2 4 _aBUSINESS PROPERTY
650 2 4 _aBUSINESS OCCUPATION
651 4 _aUnited Kingdom
_y
690 _aCommercial property
_96227
700 1 _aRentoul, James
710 1 _aErnst & Young
_94001
710 1 _aSavills
_92020
856 4 0 _uhttps://www.rics.org/Global/UK%20Corporate%20Occupier%20Survey.pdf
_zView the item free of charge at www.rics.org
942 _n0
999 _c116002
_d116002